000 00487nam a22001937a 4500
005 20140220114356.0
010 _aG-2205
020 _a9788125952121
_c98.00
035 _aG-2205
037 _aGIFT
082 _aS
100 _aHilton.James
245 _aGoodbye Mr Chips
_cby/James Hilton
260 _aN.Delhi
_bMadhubun
270 _a576,Masjid Road,Jangpura
_bN.Delhi
_e110014
300 _a76p.
_bcol.ill.
_c22cm(pbk)
942 _2ddc
_cCH
_hS
_kHIL
999 _c79614
_d79614